<?xml version="1.0" encoding="UTF-8"?>
<record
    xmlns:xsi="http://www.w3.org/2001/XMLSchema-instance"
    xsi:schemaLocation="http://www.loc.gov/MARC21/slim http://www.loc.gov/standards/marcxml/schema/MARC21slim.xsd"
    xmlns="http://www.loc.gov/MARC21/slim">

  <leader>00596nam a22001337a 4500</leader>
  <datafield tag="040" ind1=" " ind2=" ">
    <subfield code="c">RUA</subfield>
  </datafield>
  <datafield tag="082" ind1=" " ind2=" ">
    <subfield code="a">AGR SEO 2015 B537 Or.1</subfield>
  </datafield>
  <datafield tag="100" ind1=" " ind2=" ">
    <subfield code="a">SEOUNG SALY; &#x179F;&#x17CA;&#x17BA;&#x1784; &#x179F;&#x17B6;&#x179B;&#x17B8;</subfield>
  </datafield>
  <datafield tag="245" ind1=" " ind2=" ">
    <subfield code="a">Comparison of shade net on pak-choy crop on kien svay soil kandal province; &#x1794;&#x17D2;&#x179A;&#x17C0;&#x1794;&#x1792;&#x17C0;&#x1794;&#x1780;&#x1798;&#x17D2;&#x179A;&#x17B7;&#x178F;&#x179F;&#x17D2;&#x1794;&#x17C3;&#x1781;&#x17C0;&#x179C;&#x1798;&#x1780;&#x179B;&#x17BE;&#x178A;&#x17C6;&#x178E;&#x17B6;&#x17C6;&#x179F;&#x17D2;&#x1796;&#x17C3;&#x178F;&#x17BF;&#x1780;&#x17D2;&#x1793;&#x17BB;&#x1784;&#x179B;&#x1780;&#x17D2;&#x1781;&#x1781;&#x178E;&#x17D2;&#x178C;&#x178A;&#x17B8;&#x1780;&#x17C0;&#x1793;&#x179F;&#x17D2;&#x179C;&#x17B6;&#x1799; &#x1781;&#x17C1;&#x178F;&#x17D2;&#x178F;&#x1780;&#x178E;&#x17D2;&#x178F;&#x17B6;&#x179B;</subfield>
  </datafield>
  <datafield tag="260" ind1=" " ind2=" ">
    <subfield code="a">Phnom Penh</subfield>
    <subfield code="b">RUA</subfield>
    <subfield code="c">2015</subfield>
  </datafield>
  <datafield tag="300" ind1=" " ind2=" ">
    <subfield code="a">x; 37p;</subfield>
    <subfield code="b">ill;</subfield>
    <subfield code="c">29cm;</subfield>
  </datafield>
  <datafield tag="856" ind1=" " ind2=" ">
    <subfield code="u">SEOUNG SALY</subfield>
  </datafield>
  <datafield tag="942" ind1=" " ind2=" ">
    <subfield code="c">AGR</subfield>
  </datafield>
  <datafield tag="999" ind1=" " ind2=" ">
    <subfield code="c">10925</subfield>
    <subfield code="d">10925</subfield>
  </datafield>
  <datafield tag="952" ind1=" " ind2=" ">
    <subfield code="0">0</subfield>
    <subfield code="1">0</subfield>
    <subfield code="2">ddc</subfield>
    <subfield code="4">0</subfield>
    <subfield code="6">AGR_SEO_2015_000000000000000_B537_OR_1</subfield>
    <subfield code="7">0</subfield>
    <subfield code="9">57529</subfield>
    <subfield code="a">LBB</subfield>
    <subfield code="b">LBB</subfield>
    <subfield code="c">B537</subfield>
    <subfield code="d">2016-11-25</subfield>
    <subfield code="o">AGR SEO 2015 B537 Or.1</subfield>
    <subfield code="p">A03435</subfield>
    <subfield code="r">2016-11-25</subfield>
    <subfield code="w">2016-11-25</subfield>
    <subfield code="y">AGR</subfield>
  </datafield>
  <datafield tag="952" ind1=" " ind2=" ">
    <subfield code="0">0</subfield>
    <subfield code="1">0</subfield>
    <subfield code="2">ddc</subfield>
    <subfield code="4">0</subfield>
    <subfield code="6">AGR_SEO_2015_000000000000000_B537_OR_2</subfield>
    <subfield code="7">0</subfield>
    <subfield code="9">57530</subfield>
    <subfield code="a">LBB</subfield>
    <subfield code="b">LBB</subfield>
    <subfield code="c">B537</subfield>
    <subfield code="d">2016-11-25</subfield>
    <subfield code="o">AGR SEO 2015 B537 Or.2</subfield>
    <subfield code="p">A03425</subfield>
    <subfield code="r">2016-11-25</subfield>
    <subfield code="w">2016-11-25</subfield>
    <subfield code="y">AGR</subfield>
  </datafield>
  <datafield tag="952" ind1=" " ind2=" ">
    <subfield code="0">0</subfield>
    <subfield code="1">0</subfield>
    <subfield code="2">ddc</subfield>
    <subfield code="4">0</subfield>
    <subfield code="6">AGR_SEO_2015_000000000000000_B537_OR_3</subfield>
    <subfield code="7">0</subfield>
    <subfield code="9">57531</subfield>
    <subfield code="a">LBB</subfield>
    <subfield code="b">LBB</subfield>
    <subfield code="c">B537</subfield>
    <subfield code="d">2016-11-25</subfield>
    <subfield code="o">AGR SEO 2015 B537 Or.3</subfield>
    <subfield code="p">A04015</subfield>
    <subfield code="r">2016-11-25</subfield>
    <subfield code="w">2016-11-25</subfield>
    <subfield code="y">AGR</subfield>
  </datafield>
  <datafield tag="952" ind1=" " ind2=" ">
    <subfield code="0">0</subfield>
    <subfield code="1">0</subfield>
    <subfield code="2">ddc</subfield>
    <subfield code="4">0</subfield>
    <subfield code="6">AGR_SEO_2015_000000000000000_B537_OR_4</subfield>
    <subfield code="7">0</subfield>
    <subfield code="9">57532</subfield>
    <subfield code="a">LBB</subfield>
    <subfield code="b">LBB</subfield>
    <subfield code="c">B537</subfield>
    <subfield code="d">2016-11-25</subfield>
    <subfield code="l">1</subfield>
    <subfield code="o">AGR SEO 2015 B537 Or.4</subfield>
    <subfield code="p">A03330</subfield>
    <subfield code="r">2018-03-14</subfield>
    <subfield code="s">2018-02-12</subfield>
    <subfield code="w">2016-11-25</subfield>
    <subfield code="y">AGR</subfield>
  </datafield>
  <datafield tag="952" ind1=" " ind2=" ">
    <subfield code="0">0</subfield>
    <subfield code="1">0</subfield>
    <subfield code="2">ddc</subfield>
    <subfield code="4">0</subfield>
    <subfield code="6">AGR_SEO_2015_000000000000000_B537_OR_5</subfield>
    <subfield code="7">0</subfield>
    <subfield code="9">57533</subfield>
    <subfield code="a">LBB</subfield>
    <subfield code="b">LBB</subfield>
    <subfield code="c">B537</subfield>
    <subfield code="d">2016-11-25</subfield>
    <subfield code="o">AGR SEO 2015 B537 Or.5</subfield>
    <subfield code="p">A03571</subfield>
    <subfield code="r">2016-11-25</subfield>
    <subfield code="w">2016-11-25</subfield>
    <subfield code="y">AGR</subfield>
  </datafield>
  <datafield tag="952" ind1=" " ind2=" ">
    <subfield code="0">0</subfield>
    <subfield code="1">0</subfield>
    <subfield code="2">ddc</subfield>
    <subfield code="4">0</subfield>
    <subfield code="6">AGR_SEO_2015_000000000000000_B537_OR_6</subfield>
    <subfield code="7">0</subfield>
    <subfield code="9">57534</subfield>
    <subfield code="a">LBB</subfield>
    <subfield code="b">LBB</subfield>
    <subfield code="c">B537</subfield>
    <subfield code="d">2016-11-25</subfield>
    <subfield code="o">AGR SEO 2015 B537 Or.6</subfield>
    <subfield code="p">A03063</subfield>
    <subfield code="r">2016-11-25</subfield>
    <subfield code="w">2016-11-25</subfield>
    <subfield code="y">AGR</subfield>
  </datafield>
  <datafield tag="952" ind1=" " ind2=" ">
    <subfield code="0">0</subfield>
    <subfield code="1">0</subfield>
    <subfield code="2">ddc</subfield>
    <subfield code="4">0</subfield>
    <subfield code="6">AGR_SEO_2015_000000000000000_B537_OR_7</subfield>
    <subfield code="7">0</subfield>
    <subfield code="9">57535</subfield>
    <subfield code="a">LBB</subfield>
    <subfield code="b">LBB</subfield>
    <subfield code="c">B537</subfield>
    <subfield code="d">2016-11-25</subfield>
    <subfield code="o">AGR SEO 2015 B537 Or.7</subfield>
    <subfield code="p">A03335</subfield>
    <subfield code="r">2016-11-25</subfield>
    <subfield code="w">2016-11-25</subfield>
    <subfield code="y">AGR</subfield>
  </datafield>
  <datafield tag="952" ind1=" " ind2=" ">
    <subfield code="0">0</subfield>
    <subfield code="1">0</subfield>
    <subfield code="2">ddc</subfield>
    <subfield code="4">0</subfield>
    <subfield code="6">AGR_SEO_2015_000000000000000_B537_OR_8</subfield>
    <subfield code="7">0</subfield>
    <subfield code="9">57536</subfield>
    <subfield code="a">LBB</subfield>
    <subfield code="b">LBB</subfield>
    <subfield code="c">B537</subfield>
    <subfield code="d">2016-11-25</subfield>
    <subfield code="o">AGR SEO 2015 B537 Or.8</subfield>
    <subfield code="p">A03907</subfield>
    <subfield code="r">2016-11-25</subfield>
    <subfield code="w">2016-11-25</subfield>
    <subfield code="y">AGR</subfield>
  </datafield>
</record>
